| Tag |
First Indicator |
Second Indicator |
Subfields |
| LEADER |
00000cam a2200000 4500 |
| 001 |
in00000046316 |
| 005 |
20151007071316.0 |
| 008 |
800603s1915 enkaf 00010 eng c |
| 010 |
|
|
|a agr16000695
|
| 035 |
|
|
|a (OCoLC)06383468
|
| 035 |
|
|
|9 AAE5720AM
|
| 040 |
|
|
|a Library. U.S. Dept. of Agriculture
|c TXA
|d UtOrBLW
|
| 049 |
|
|
|a TXAM
|c [21788]
|
| 090 |
|
|
|a QH432
|b .B66 1915
|
| 092 |
|
|
|a 575.1
|b B71v
|
| 100 |
1 |
|
|a Bonhote, John Lewis.
|
| 245 |
1 |
0 |
|a Vigour and heredity /
|c By J. Lewis Bonhote ...
|
| 264 |
|
1 |
|a London :
|b West, Newman & Co.,
|c 1915.
|
| 300 |
|
|
|a xi, 1 unnumbered page, 263 pages :
|b illustrations (including diagrams) XI plate (3 color) ;
|c 22 cm.
|
| 336 |
|
|
|a text
|b txt
|2 rdacontent
|
| 337 |
|
|
|a unmediated
|b n
|2 rdamedia
|
| 338 |
|
|
|a volume
|b nc
|2 rdacarrier
|
| 650 |
|
0 |
|a Heredity.
|
| 999 |
|
|
|a MARS
|
| 999 |
f |
f |
|s 7d70508e-881c-3bc1-ac03-c2fd32c5beb7
|i 1794516c-b584-32e5-8103-240ee15725ad
|t 0
|
| 952 |
f |
f |
|p ric
|a Texas A&M University
|b Rellis Campus
|c Joint Library Facility
|d Remote Storage
|t 0
|e QH432 .B66 1915
|h Library of Congress classification
|i unmediated -- volume
|m A14800978161
|
| 998 |
f |
f |
|a QH432 .B66 1915
|t 0
|l Remote Storage
|